000 00470nam a2200133Ia 4500
005 20251222142009.0
008 251222s9999||||xx |||||||||||||| ||spa||
020 _a9972-9809-7-9
082 _a362.29/R76
100 _aRodríguez Vilchez, Edgard
245 0 _aEfectos de un Programa de Psicoterapia Cognitivo-Conductual en el Bajo Nivel del Autoconcepto y en los Estudios de Cambio en Pacientes Dependientes a Sustancias Psicoactivas
264 _bDEVISA
942 _cLIB
999 _c10266
_d10266